| 000 | 00704nam a22002177a 4500 | ||
|---|---|---|---|
| 003 | OSt | ||
| 005 | 20260113082507.0 | ||
| 008 | 260113b |||||||| |||| 00| 0 eng d | ||
| 020 | _a978-1-292-29158-1 | ||
| 040 |
_aDWC-Main lib _cOC |
||
| 082 | _aCirc. 658.5 B662i 2019 | ||
| 100 | _aBozarth, Cecil C. | ||
| 245 |
_aIntroduction to operations and supply chain management./ _cCecil C. Bozarth |
||
| 260 |
_aUnited kingdom : _b Pearson education , _c 2019. |
||
| 300 |
_a514 pages : _b color illustrations; _c 27cm. |
||
| 504 | _aIncludes glossary and index. | ||
| 650 | _a1. Business Logistics | ||
| 650 | _a2. Management | ||
| 650 | _a3. Production management | ||
| 942 |
_2ddc _cBK-CIRC _kCirc. _n0 |
||
| 999 |
_c7346 _d7346 |
||